MDQL
is popping MORE tags! Check the
thread
!
Quizzes
Events
Quiz Creation
Community
Videos
Private Events
Remove Ads
Sign In
Join for FREE
Feedback
Dark Mode
Quiz Categories
Sports
Geography
Music
Movies
Television
Just For Fun
Miscellaneous
History
Literature
Language
Science
Gaming
Entertainment
Religion
Holiday
For Kids
Quiz Lab
Recent
Popular Today
Quiz Kudos Today
Editor Picks
Curator Picks
Quizzes by...
Day
Popularity
Type
Ratings
Length
Year
Community
Subscriptions
Recent Discussions
Orange Saloon
Badges
Playlists
Quests
Create
Leaderboards
Showdown
Live 5
Trivia Bingo
Activity
Puzzle Library
Sporcle Events
Private Events
Virtual Trivia
Globe League
Become a Host
Pub Owners
SporcleCon
Opinionation
Our Games
Videos
Blog
Mobile Apps
Partnerships
Remove Ads and Go Orange
Feedback
Sports
Athletes
MLB
NBA
NHL
NFL
Soccer
Sports Teams
WWE
NCAA
Football
Premier League
Basketball
Baseball
Hockey
Golf
Tennis
Cricket
Rugby
Auto Racing
Olympics
World Cup
Sports
Athletes
MLB
NBA
NHL
NFL
Soccer
Sports Teams
WWE
NCAA
Football
Premier League
Basketball
Baseball
Hockey
Golf
Tennis
Cricket
Rugby
Auto Racing
Olympics
World Cup
Random Quiz
Search Sporcle
×
Quiz Lab
Quiz Lab
Sports
Baseball
Type in answers that appear in a list
Type in answers that appear in a list
Classic
Best Score? Go Orange.
Top 5 Players Per MLB Team in 2013 Stats
Can you name the Top 5 Players Per MLB Team in 2013 According to ESPN Fantasy Baseball Player Rankings?
By
DerekMorganRockz
20m
150 Questions
4,310 Plays
4,310 Plays
4,310 Plays
Comments
Comments
Give Quiz Kudos
Give Quiz Kudos
-
- Ratings
hide this ad
More Info
Replay
Link that replays current quiz
Next Quiz
Link to next quiz in quiz playlist
You Got
0%
They Got
Avg Score
51%
Avg Friend Score
Upgrade to see
Score Distribution
Jump to the score distribution portion of the page
Score
0/150
Timer
20:00
0
Plays Today
Team
Player
% Correct
Baltimore Orioles
Adam Jones
90%
Detroit Tigers
Miguel Cabrera
89.4%
Cleveland Indians
Asdrubal Cabrera
89%
San Diego Padres
Everth Cabrera
88.8%
New York Yankees
Robinson Cano
87.2%
Boston Red Sox
Dustin Pedroia
86.3%
Los Angeles Angels
Mike Trout
86.3%
Tampa Bay Rays
Evan Longoria
85%
Los Angeles Angels
Albert Pujols
84.7%
Toronto Blue Jays
Jose Bautista
84%
Boston Red Sox
David Ortiz
82.9%
Milwaukee Brewers
Ryan Braun
81.2%
Detroit Tigers
Prince Fielder
81%
Detroit Tigers
Justin Verlander
81%
Los Angeles Dodgers
Adrian Gonzalez
80.8%
Colorado Rockies
Carlos Gonzalez
80.8%
Washington Nats
Gio Gonzalez
80.7%
Minnesota Twins
Joe Mauer
80.4%
Los Angeles Angels
Josh Hamilton
79.9%
New York Yankees
CC Sabathia
79.1%
Tampa Bay Rays
David Price
78.3%
Cincinnati Reds
Joey Votto
77.5%
New York Mets
David Wright
77.2%
Seattle Mariners
Felix Hernandez
77.1%
Miami Marlins
Giancarlo Stanton
76.8%
Philadelphia Phillies
Cliff Lee
76.6%
Baltimore Orioles
Chris Davis
76.3%
Atlanta Braves
Justin Upton
75.8%
Atlanta Braves
BJ Upton
75.8%
New York Mets
Ike Davis
75.7%
Pittsburgh Pirates
Andrew McCutchen
75.1%
Washington Nats
Bryce Harper
74.6%
Boston Red Sox
Jacoby Ellsbury
74.1%
Toronto Blue Jays
Jose Reyes
74%
Los Angeles Dodgers
Hanley Ramirez
73.4%
Milwaukee Brewers
Aramis Ramirez
73.2%
San Francisco Giants
Buster Posey
72.5%
Los Angeles Dodgers
Matt Kemp
71.9%
Washington Nats
Stephen Strasburg
71.3%
Baltimore Orioles
Jim Johnson
71.1%
Chicago White Sox
Paul Konerko
70.9%
Los Angeles Dodgers
Clayton Kershaw
70.3%
Texas Rangers
Adrian Beltre
69.6%
Philadelphia Phillies
Roy Halladay
68.9%
New York Yankees
Mariano Rivera
68.9%
Philadelphia Phillies
Jimmy Rollins
68.8%
Toronto Blue Jays
Edwin Encarnacion
68.5%
San Francisco Giants
Matt Cain
68.3%
New York Yankees
Curtis Granderson
68.2%
Washington Nats
Ryan Zimmerman
68.2%
Team
Player
% Correct
Colorado Rockies
Troy Tulowitzki
68.1%
Minnesota Twins
Justin Morneau
67.8%
Philadelphia Phillies
Cole Hamels
66.3%
St. Louis Cardinals
Matt Holliday
65.1%
Texas Rangers
Ian Kinsler
64.8%
Kansas City Royals
Billy Butler
63.5%
St. Louis Cardinals
Adam Wainwright
63.4%
Chicago Cubs
Starlin Castro
63.3%
Cleveland Indians
Carlos Santana
63%
Los Angeles Angels
Jered Weaver
63%
Atlanta Braves
Jason Heyward
62.5%
Cincinnati Reds
Brandon Phillips
62.2%
Toronto Blue Jays
R.A. Dickey
62.1%
Kansas City Royals
James Shields
61.3%
Chicago White Sox
Chris Sale
60.3%
San Francisco Giants
Pablo Sandoval
59.6%
Kansas City Royals
Alex Gordon
59.6%
Tampa Bay Rays
Ben Zobrist
59.4%
Los Angeles Dodgers
Zack Greinke
58.7%
Cincinnati Reds
Jay Bruce
58.4%
Houston Astros
Jose Altuve
57.8%
Baltimore Orioles
Matt Wieters
57.2%
Atlanta Braves
Craig Kimbrel
54.7%
Oakland A's
Yoenis Cespedes
54.4%
Detroit Tigers
Victor Martinez
54.4%
St. Louis Cardinals
Yadier Molina
54.3%
Chicago Cubs
Alfonso Soriano
54.1%
Detroit Tigers
Austin Jackson
53.4%
Texas Rangers
Elvis Andrus
53.1%
Chicago Cubs
Edwin Jackson
53.1%
Kansas City Royals
Eric Hosmer
52.9%
San Diego Padres
Chase Headley
52.1%
Cincinnati Reds
Johnny Cueto
50.2%
Arizona Diamondbacks
Paul Goldschmidt
47.3%
San Francisco Giants
Madison Bumgarner
47.1%
Philadelphia Phillies
Jonathon Papelbon
46.3%
Baltimore Orioles
J.J. Hardy
46.1%
Texas Rangers
Yu Darvish
46.1%
Los Angeles Angels
Mark Trumbo
45.1%
Chicago Cubs
Anthony Rizzo
45.1%
Oakland A's
Josh Reddick
44.8%
Milwaukee Brewers
Yovani Gallardo
42.7%
Boston Red Sox
Shane Victorino
41.7%
Cleveland Indians
Michael Bourn
41.1%
Cleveland Indians
Chris Perez
40.9%
Washington Nats
Ian Desmond
39.1%
Arizona Diamondbacks
Aaron Hill
38.9%
Chicago White Sox
Alex Rios
38.7%
St. Louis Cardinals
Allen Craig
38.6%
Chicago White Sox
Jake Peavy
38.1%
Team
Player
% Correct
Cleveland Indians
Jason Kipnis
38%
Pittsburgh Pirates
Pedro Alvarez
36.5%
Minnesota Twins
Josh Willingham
36.2%
Oakland A's
Coco Crisp
35.8%
Pittsburgh Pirates
A.J. Burnett
35.6%
Seattle Mariners
Jesus Montero
34.5%
Toronto Blue Jays
Brett Lawrie
34.4%
Tampa Bay Rays
Matt Moore
33%
New York Mets
Matt Harvey
32.6%
Milwaukee Brewers
Carlos Gomez
32.4%
Pittsburgh Pirates
Neil Walker
32.3%
Arizona Diamondbacks
Ian Kennedy
31.4%
New York Mets
Daniel Murphy
31.4%
Tampa Bay Rays
Desmond Jennings
30.2%
Texas Rangers
Joe Nathan
30.1%
New York Yankees
Huroki Kuroda
29.6%
San Francisco Giants
Angel Pagan
29.1%
Seattle Mariners
Kyle Seager
29.1%
Arizona Diamondbacks
Martin Prado
28.8%
Cincinnati Reds
Mat Latos
28.4%
Oakland A's
Brett Anderson
27.8%
Seattle Mariners
Michael Morse
27.7%
Seattle Mariners
Kendrys Morales
26.9%
Houston Astros
Chris Carter
26.9%
Boston Red Sox
Joel Hanrahan
26.4%
Kansas City Royals
Alcides Escobar
26.3%
St. Louis Cardinals
Jason Motte
25.4%
Houston Astros
Bud Norris
24.1%
Atlanta Braves
Kris Medlen
24%
Colorado Rockies
Dexter Fowler
22.3%
Oakland A's
Jarrod Parker
21%
Milwaukee Brewers
John Axford
20.8%
San Diego Padres
Houston Street
19.9%
Miami Marlins
Logan Morrison
19.6%
Miami Marlins
Juan Pierre
19%
Chicago Cubs
Jeff Samardzija
18.6%
New York Mets
Jonathon Niese
16.9%
Minnesota Twins
Trevor Plouffe
16.5%
San Diego Padres
Cameron Maybin
15.9%
Arizona Diamondbacks
J.J. Putz
15.8%
Pittsburgh Pirates
Jason Grilli
15.5%
Colorado Rockies
Wilin Rosario
14.8%
Minnesota Twins
Glen Perkins
14.4%
San Diego Padres
Yonder Alonso
11.5%
Miami Marlins
Steve Cishek
11.2%
Miami Marlins
Justin Ruggiano
10.2%
Colorado Rockies
Rafael Betancourt
10.2%
Houston Astros
Matt Dominguez
9.6%
Houston Astros
Jose Veras
8.1%
Chicago White Sox
Alejandro De Aza
5.8%
Quiz Playlist
Details
Report
Send in Message
Add To Playlist
More Info:
Please nominate
Classic:
Type in answers that appear in a list
Last Updated: Feb 16, 2017
Quiz Scoreboard
CHALLENGE
Sign Up to Join the Scoreboard
Show All
Scores
Hide
Comments
May contain spoilers
Recently Published
Image Sorting: Flags VI
by Barbecue
Geography
2m
Find the 'City' Movie
by crazypaving
Movies
60s
5x2 Blitz: Bands
by SL_Kpop136
Music
30s
More to Explore
Quiz From the Vault
Featured Blog Post
14 Easter Pick-up Lines to Find Eggs With
hide this ad
You Might Also Like...
Tags
Baseball Quiz
MLB Quiz
2013
Banking
ESPN
Fantasy
Player
team
Top 5
Today's Top Quizzes in Sports
Browse Sports
hide this ad
Today's Top Quizzes in Baseball
Browse Baseball
Top Contributed Quizzes in Sports
1
Les meilleurs buteurs des matchs entre le PSG et l’OM
2
Les entraîneurs de l'OM et du PSG au 21e siècle
3
Les joueurs passés par le PSG et l'OM
4
2022 World Cup Stars
5
Players with Multiple 50 Home Run Seasons
6
Criteria MLB: Left Handed Sluggers
7
MLB Players with Two .350 Batting Average Seasons
8
Les joueurs passés par le LOSC et le RC Lens
9
NBA Logic Puzzle 2.0
10
Top 10 NHL Goal Scorers of All Time
Explore More
Trending Topics
Harry Potter
NBA
Marvel
Crossword
Kpop
Anime
Disney
Puzzle
Song
The Office
Country
Pokémon
Soccer
NFL
WWE
hide this ad
More By:
DerekMorganRockz
Quiz
Plays
Rating
Category
Featured
Created
Criminal Minds Quiz
6,434
2.86
Television
Mar 2, 2013
Top 5 Players Per MLB Team in 2013
4,310
3.68
Sports
Mar 11, 2013
Current MLB Captains
461
2.60
Sports
Apr 25, 2013
Projected 2013 MLB Lineups
334
5.00
Sports
Mar 17, 2013
Members of the SNL 5 timer club
140
3.33
Television
Mar 17, 2013
Go to Creator's Profile
Score Distribution
Quiz Creator Spotlight
DerekMorganRockz
Follow
Send a Message
Quizzes Created
-
Created Quiz Play Count
-
More By This Creator
Popular Quizzes Today
1
Colored Red Africa Blitz
2
Find the US States - No Outlines Minefield
3
Find the 'City' Movie
4
5x2 Blitz: Bands
5
The Countries of the World
6
Find the US States
7
Find the Countries of Europe - No Outlines Minefield
8
US States
More Sports Quizzes
Sports Team Logos A to Z - II
Quiz Lab
Trending Quizzes
Colored Red Europe Blitz I
Colored Red Europe Blitz II
Colored Red Africa Blitz II
Colored Red Europe Blitz III
Colored Red Africa Blitz III
Recently Updated
How Do You Spell That?
pecheneg
Godzilla Movies
pecheneg
Grab Bag: 4-10 Letters
pecheneg
2024 March Madness Bracket
pecheneg
Famous TV Couples
Peacemaker
Champions League XIs: Real Madrid
pecheneg
Largest US Cities 1790-2010
pecheneg
Rides in Walt Disney World
pecheneg
Most Oscar Losses (Acting)
pecheneg
Beyoncé Albums
pecheneg
Trending Topics
Disney
Harry Potter
Anime
Kpop
Marvel
Crossword
NBA
Song
Country
NFL
The Office
WWE
Soccer
Puzzle
Pokémon
Your Account Isn't Verified!
In order to create a playlist on Sporcle, you need to verify the email address you used during registration. Go to your
Sporcle Settings
to finish the process.
Report this User
Report this user for behavior that violates our
Community Guidelines
.
Details:
Send Report
Go to the Sporcle.com Mobile Site →
Comments